00434nam a2200157Ia 450000500170000000800460001703700180006304000200008104100130010108400240011410000220013824500520016026000090021230000120022154600430023320250508155852.0008 250505s9999 xx 000 0 eng d aDissertations aFEDLbengcFEDL aeng2eng a371.8, KRA/DIqFEDL aKraimnaire Pratya 0aStudy of the problems of Thai students in India c1973 aii,99p. aM. Ed. Dissertation (Delhi University)